00429nam a2200145Ia 4500008004100000041000900041082001900050100002800069245002600097260003100123300000800154650000800162999001700170952009600187230718s9999 xx 000 0 und d aEng. a954.904bALI-E aAli, Dhaudhari Muhammad 0aEmergency of Pakistan aPakistanbIzhar Sonsc2016 a403 aLaw c31277d31277 00104070aSIRC-LbSIRC-Ld2023-07-18l0o954.904 ALI-Ep26228r2023-07-18w2023-07-18yBK